Paroles - Pas b'soin d'toi - Inoxtag - Statistiques

Statistiques générales
  • Ce quiz a été pris 403 fois
  • Le résultat moyen est 128 sur 270
Statistiques - réponses
Paroles % Correct
pas
91%
Pas
91%
De
89%
la
83%
J'ai
81%
j'ai
81%
à
79%
a
79%
besoin
79%
'je
77%
je
77%
toi
74%
toi)
74%
Ma
72%
depuis
67%
trois
67%
piges
64%
piges?
64%
vie
62%
ça
61%
tu
61%
'te
60%
Te
60%
Andrea,
59%
chérie,
59%
Toujours
58%
que
57%
ken
55%
big
54%
t'aime?'
54%
tige
54%
en
53%
manque,
52%
Sirena,
52%
leçon
50%
ou
50%
car
49%
jamais
49%
J'vis
49%
amo'
48%
est-ce
48%
haine
48%
n'ai
48%
playa
48%
coca
46%
coco,
46%
dans
46%
d'meuf
46%
sous
46%
J'crois
45%
d'rêve
44%
Faut
44%
Quand
44%
Solo
44%
Sólo
44%
lit,
43%
moi
43%
No
43%
comme
42%
vois,
42%
passion
40%
d'toi
39%
d'toi,
39%
qu'au
39%
T'es
39%
Ace
38%
fruit
38%
Mexicaine,
38%
ratio
38%
sans
38%
Et
37%
j'te
37%
m'apprennes
37%
ouais,
37%
(Ouais,
37%
ouais
37%
tempête
37%
un
37%
Exotique
36%
les
36%
boca
35%
Grace
35%
Charismatique
33%
l'caleçon
32%
l'Ultramar
32%
nous
32%
yeux
32%
Belek,
31%
on
30%
Señorita,
30%
the
30%
T'inquiète,
30%
t'inquiète,
30%
beat
29%
sera
29%
ton
29%
j'peux
27%
(J'peux
27%
t'as
27%
t'met
27%
hay
26%
Hey,
26%
l'faire
26%
prochains,
26%
Wesley
25%
J'vise
24%
ardents
22%
Des
22%
qu'j'suis
22%
bebé
21%
Akainu
20%
l'hermano
20%
mi
17%
El
16%
Oracio
16%
aah
13%
amor
11%
lo
11%
corps
9%
dice
9%
ojos?
9%
nada
8%
sigue
7%
hacer
6%
mis
6%
voz
6%
aquí
5%
como
5%
debes
5%
Juntos
5%
pensé
5%
asustarte
4%
llevo,
4%
nunca
4%
orilla
4%
profundidad
4%
tatuado
4%
tengo
4%
ves
4%
Deseando
3%
¿Lo
0%
Aucun quiz correspondant
Distribution des résultats
% des personnes avec chaque résultat
Percentile par nombre de réponses
Votre historique - résultats
Vous n’avez pas pris ce quiz